| 000 | 00602nam a2200229Ia 4500 | ||
|---|---|---|---|
| 003 | OSt | ||
| 005 | 20220928113714.0 | ||
| 006 | a|||||r|||| 00| 0 | ||
| 007 | ta | ||
| 008 | 220927b |||||||| |||| 00| 0 eng d | ||
| 024 | _a48048 | ||
| 037 | _cTextual | ||
| 040 |
_aSDCL _cSDCL _beng |
||
| 041 |
_2eng _aeng |
||
| 082 | _aV5'L8<-I9, L8 | ||
| 100 |
_aLee Stephen J _9434600 |
||
| 245 | 0 | _aAspects of European history 1494-1789 | |
| 260 |
_aLondon _bMethuen _c1978 |
||
| 300 |
_avii,326p _ccm. |
||
| 942 |
_hV5'L8<-I9, L8 _cTEXL _2CC |
||
| 999 |
_c750907 _d750907 |
||